000 00560nam a2200193Ia 4500
008 101110s9999 xx 000 0 und d
041 _aENGLISH
082 _bSR4207
_a341.57
100 _aShavaksha, Kaikobad
245 _aMulla the Sale of Goods act & the Indian Partnership Act
365 _b7.5
520 _aCommerce
546 _aENGLISH
630 _aMulla the Sale of Goods act & the Indian Partnership Act
650 _aCommerce
655 _aCommerce
730 _aMulla the Sale of Goods act & the Indian Partnership Act
942 _cBOOK
999 _c800482
_d800479